LDR 00703naa#a2200181#i#450# 001 EN\\bibl\19471 005 20260516051215.6 100 ## _a20260515b2026####ek#y0engy0150####ca 102 ## _aRU 200 1# _aANALYSIS OF THE FLORA OF THE STUDIED SITE IN THE NAURSKY DISTRICT OF THE CHECHEN REPUBLIC (DEGRADED LANDS) _eConference article/thesis 210 1# _aVoronezh _cFSBE Institution of Higher Education Voronezh State University of Forestry and Technologies named after G.F. Morozov _d2026 215 ## _a17 с. 608 ## _aConference article/thesis _2local 675 ## _aОбщая ботаника. 581 _z 700 #1 _aIrishanova _gZ. I. 700 #1 _aAldamov _gR. R. 700 #1 _aMakhamaeva _gZ. Z. 856 4# _abibl.vgltu.ru _u